[Event "Guardamar Esphouses op 1st"]
[Site "Guardamar del Segura"]
[Date "2023.09.07"]
[Round "5"]
[White "Garcia Molina, Jose"]
[Black "Dura Olmos, Gines Raul"]
[Result "1-0"]
[WhiteElo "2218"]
[BlackElo "2010"]
[PlyCount "115"]
[EventDate "2023.09.04"]
[EventType "swiss"]
[EventRounds "9"]
[EventCountry "ESP"]
[SourceTitle "CBM 216 Extra"]
[Source "ChessBase"]
[SourceDate "2023.11.30"]
[SourceVersion "1"]
[SourceVersionDate "2023.11.30"]
[SourceQuality "1"]

1. d4 Nf6 2. c4 c5 3. d5 g6 4. Nc3 Bg7 5. Nf3 0-0 6. g3 d6 7. Bg2 e6 8. 0-0 exd5 9. cxd5 Re8 10. Bf4 Nh5 11. Bg5 Qb6 12. Qc1 Bg4 13. h3 Bxf3 14. Bxf3 Nf6 15. a4 Nbd7 16. a5 Qa6 17. Qf4 b5 18. axb6 Qxb6 19. Ra2 Reb8 20. e3 Qc7 21. Ra6 Rb6 22. Rfa1 Qb7 23. Rxb6 Qxb6 24. Ra2 Ne8 25. Bd1 Bxc3 26. bxc3 Qb1 27. Qa4 Nb6 28. Qb3 Qxb3 29. Bxb3 c4 30. Bd1 f6 31. Bh6 Kf7 32. e4 g5 33. Bh5+ Ke7 34. h4 gxh4 35. gxh4 Nc7 36. Be3 Rg8+ 37. Kf1 Nb5 38. f3 Nd7 39. Bd2 Nc5 40. Be3 Nb3 41. Bg4 a5 42. Ra4 Ra8 43. Be6 Kd8 44. Bb6+ Ke7 45. Ra2 Rb8 46. Be3 Kd8 47. Rg2 a4 48. Rg8+ Kc7 49. Rg7+ Kd8 50. Rd7+ Ke8 51. Rxh7 Kd8 52. Rd7+ Ke8 53. Rg7 a3 54. Rg8+ Ke7 55. Rxb8 a2 56. Bh6 a1Q+ 57. Kg2 f5 58. Bg5# 1-0

[Event "Guardamar Esphouses op 1st"]
[Site "Guardamar del Segura"]
[Date "2023.09.05"]
[Round "3"]
[White "Dura Olmos, Gines Raul"]
[Black "Luque Saiz, Andres"]
[Result "0-1"]
[WhiteElo "2010"]
[BlackElo "2371"]
[PlyCount "66"]
[EventDate "2023.09.04"]
[EventType "swiss"]
[EventRounds "9"]
[EventCountry "ESP"]
[SourceTitle "CBM 216 Extra"]
[Source "ChessBase"]
[SourceDate "2023.11.30"]
[SourceVersion "1"]
[SourceVersionDate "2023.11.30"]
[SourceQuality "1"]

1. Nf3 d5 2. c4 d4 3. b4 g5 4. Bb2 Bg7 5. Nxg5 e5 6. Ne4 f5 7. Nc5 b6 8. Qa4+ Kf7 9. Nd3 Ne7 10. Qb3 a5 11. Na3 Be6 12. g4 fxg4 13. Bg2 c6 14. b5 a4 15. Qc2 Ra5 16. bxc6 Nbxc6 17. Nb5 Na7 18. Na3 Bf5 19. h3 h5 20. hxg4 hxg4 21. Rxh8 Qxh8 22. e4 Qh2 23. Kf1 Be6 24. Rb1 Ng6 25. Bxd4 exd4 26. Rxb6 Nh4 27. Ne1 Nxg2 28. Nxg2 Qh1+ 29. Ke2 Qxg2 30. Rb7+ Kg8 31. Rb8+ Nc8 32. Nb5 Qf3+ 33. Ke1 d3 0-1

[Event "ESP-ch Amateurs U2000"]
[Site "Murcia"]
[Date "2022.09.02"]
[Round "6.5"]
[White "Dura Olmos, Gines Raul"]
[Black "Garcia Fernandez, Jesus"]
[Result "0-1"]
[WhiteElo "1994"]
[BlackElo "1868"]
[PlyCount "146"]
[EventDate "2022.08.30"]
[EventType "swiss"]
[EventRounds "7"]
[EventCountry "ESP"]
[SourceTitle "EXT 2024"]
[Source "ChessBase"]
[SourceDate "2023.10.10"]
[SourceVersion "1"]
[SourceVersionDate "2023.10.10"]
[SourceQuality "1"]

1. Nf3 d5 2. c4 c6 3. g3 Nf6 4. Bg2 Bg4 5. Ne5 Be6 6. cxd5 Bxd5 7. Nf3 c5 8. 0-0 e6 9. Nc3 Bc6 10. b3 Be7 11. Bb2 0-0 12. Rc1 Nbd7 13. Rc2 Nd5 14. Qa1 Nxc3 15. Bxc3 Bf6 16. Rd1 Bxc3 17. Qxc3 Qf6 18. Qxf6 gxf6 19. d4 cxd4 20. Rxd4 Rfd8 21. Rcd2 Kf8 22. Ng5 fxg5 23. Bxc6 bxc6 24. Rxd7 Ke8 25. Rxd8+ Rxd8 26. Rc2 Rd1+ 27. Kg2 Kd7 28. Kf3 f5 29. Rc4 Rd5 30. h4 h6 31. hxg5 hxg5 32. Rc1 g4+ 33. Ke3 Re5+ 34. Kd3 Rd5+ 35. Ke3 Re5+ 36. Kd2 Rd5+ 37. Ke1 Kd6 38. Rc4 e5 39. e3 e4 40. Ke2 Kd7 41. Rc1 Kd6 42. Rh1 Kc5 43. Rh7 a5 44. Rb7 Kd6 45. Ra7 Ke6 46. Ra8 Kd6 47. Ra6 Kc7 48. Ra7+ Kb6 49. Ra8 Kb7 50. Rf8 Kb6 51. Rf7 Kc5 52. Rb7 Kd6 53. Rh7 Kc5 54. Rc7 Kb6 55. Rc8 Kb7 56. Rh8 Kb6 57. Rh1 Kb5 58. Rc1 Kb6 59. Rc4 Kb5 60. Rd4 Rxd4 61. exd4 Kb4 62. Kd2 Ka3 63. Kc3 Kxa2 64. Kc4 Kb2 65. Kc5 f4 66. Kxc6 e3 67. fxe3 fxe3 68. d5 e2 69. d6 e1Q 70. d7 Qd2 71. Kc7 Kxb3 72. d8Q Qxd8+ 73. Kxd8 a4 0-1

[Event "ESP-ch Amateurs U2000"]
[Site "Murcia"]
[Date "2022.09.01"]
[Round "5.5"]
[White "Demerson Joly, Javier"]
[Black "Dura Olmos, Gines Raul"]
[Result "1/2-1/2"]
[WhiteElo "1876"]
[BlackElo "1994"]
[PlyCount "103"]
[EventDate "2022.08.30"]
[EventType "swiss"]
[EventRounds "7"]
[EventCountry "ESP"]
[SourceTitle "EXT 2024"]
[Source "ChessBase"]
[SourceDate "2023.10.10"]
[SourceVersion "1"]
[SourceVersionDate "2023.10.10"]
[SourceQuality "1"]

1. c4 g6 2. Nc3 Bg7 3. Nf3 c5 4. g3 Nc6 5. Bg2 Rb8 6. 0-0 a6 7. a4 d6 8. d3 Bd7 9. Re1 Nf6 10. e3 0-0 11. d4 Bf5 12. d5 Nb4 13. e4 Bg4 14. h3 Bxf3 15. Bxf3 Ne8 16. Bg2 b6 17. Kh2 Nc7 18. Bf1 e6 19. Na2 Nxa2 20. Rxa2 exd5 21. exd5 b5 22. axb5 axb5 23. b3 bxc4 24. bxc4 Re8 25. Be3 h5 26. h4 Bc3 27. Bd2 Rxe1 28. Qxe1 Be5 29. Bh3 Ne8 30. Bc3 Bxc3 31. Qxc3 Qf6 32. Qxf6 Nxf6 33. Ra6 Ne4 34. Bg2 Nxf2 35. Rxd6 Ng4+ 36. Kh3 Nf2+ 37. Kh2 Rb2 38. Rd8+ Kg7 39. Re8 Rd2 40. Kg1 Ng4 41. Bf3 Nh6 42. Rc8 Nf5 43. Rxc5 Nxg3 44. Rc8 Kf6 45. c5 Ke5 46. Re8+ Kf4 47. Bg2 Nf5 48. Kh2 Nd4 49. c6 Nf3+ 50. Kh3 Ng1+ 51. Kh2 Nf3+ 52. Kh3 1/2-1/2

[Event "Alicante IRT op 15th"]
[Site "Alicante"]
[Date "2021.09.26"]
[Round "6"]
[White "Dura Olmos, Gines Raul"]
[Black "Rebole Arbea, Jose Ignacio"]
[Result "1-0"]
[WhiteElo "1953"]
[BlackElo "2132"]
[PlyCount "73"]
[EventDate "2021.09.24"]
[EventType "swiss"]
[EventRounds "7"]
[EventCountry "ESP"]
[SourceTitle "CBM 204 Extra"]
[Source "ChessBase"]
[SourceDate "2021.11.30"]
[SourceVersion "1"]
[SourceVersionDate "2021.11.30"]
[SourceQuality "1"]

1. Nf3 f5 2. d3 d5 3. c4 e6 4. g3 Nf6 5. Bg2 c6 6. b3 Bd6 7. 0-0 0-0 8. Ba3 Bxa3 9. Nxa3 e5 10. Nc2 e4 11. Nd2 Na6 12. cxd5 cxd5 13. dxe4 dxe4 14. Nc4 Be6 15. N2e3 b5 16. Qd6 Bxc4 17. Nxc4 bxc4 18. Qxa6 cxb3 19. Qe6+ Kh8 20. axb3 Qc8 21. Qxc8 Rfxc8 22. Rfc1 Rxc1+ 23. Rxc1 Rb8 24. e3 h5 25. Rc3 Rd8 26. Bh3 Rd1+ 27. Kg2 Nd5 28. Rc8+ Kh7 29. Bxf5+ g6 30. Bxe4 Nf6 31. Rc7+ Kh6 32. Bf3 Rd3 33. Rb7 a5 34. h4 Rd2 35. e4 Nd7 36. Rb5 Rb2 37. e5 1-0

[Event "Alicante Easter op 5th"]
[Site "Alicante"]
[Date "2021.03.31"]
[Round "1"]
[White "Dura Olmos, Gines Raul"]
[Black "Santos Ruiz, Miguel"]
[Result "0-1"]
[WhiteElo "1940"]
[BlackElo "2592"]
[PlyCount "152"]
[EventDate "2021.03.31"]
[EventType "swiss"]
[EventRounds "9"]
[EventCountry "ESP"]
[SourceTitle "CBM 201 Extra"]
[Source "ChessBase"]
[SourceDate "2021.05.31"]
[SourceVersion "1"]
[SourceVersionDate "2021.05.31"]
[SourceQuality "1"]

1. Nf3 d5 2. c4 e6 3. g3 dxc4 4. Bg2 a6 5. a4 Nc6 6. b3 cxb3 7. Qxb3 Qd5 8. Qb2 Nf6 9. 0-0 Qh5 10. d3 e5 11. Bg5 Bd6 12. Nbd2 0-0 13. Bxf6 gxf6 14. Ne4 Be7 15. Rfc1 Rd8 16. Rc4 a5 17. Nc3 Bd6 18. Nd5 Qh6 19. Rh4 Qg7 20. Nd2 Ne7 21. Ne3 f5 22. Rb1 f4 23. Nec4 Ng6 24. Nxd6 cxd6 25. Qb6 Be6 26. Rh5 Bg4 27. Bf3 Bxh5 28. Bxh5 fxg3 29. hxg3 Qh6 30. Ne4 d5 31. Nf6+ Kg7 32. Bf3 Nf4 33. Ng4 Qxb6 34. Rxb6 Ng6 35. Ne3 Ne7 36. Rxb7 Kf8 37. Rxe7 Kxe7 38. Nxd5+ Rxd5 39. Bxd5 Rb8 40. Kg2 Rb4 41. Bc6 Rb6 42. Bd5 Rb4 43. Bc6 Kd6 44. Be8 f6 45. Kf3 Ke7 46. Bc6 Kd6 47. Be8 Rb8 48. Bf7 Kc5 49. Ke4 Kb4 50. Kf5 Kxa4 51. Kxf6 Rf8 52. Kg7 Rxf7+ 53. Kxf7 Kb5 54. f4 exf4 55. gxf4 a4 56. f5 a3 57. Kg8 a2 58. f6 a1Q 59. f7 Qg1+ 60. Kxh7 Qh2+ 61. Kg6 Qg3+ 62. Kf6 Qf4+ 63. Kg7 Qg5+ 64. Kh7 Qf6 65. Kg8 Qg6+ 66. Kf8 Kc6 67. Ke7 Qd6+ 68. Ke8 Qe6+ 69. Kf8 Qxe2 70. Kg7 Qg4+ 71. Kf6 Qf4+ 72. Kg7 Qg5+ 73. Kh7 Qf6 74. Kg8 Qg6+ 75. Kf8 Kd7 76. d4 Qh7 0-1

[Event "Getxo op 4th"]
[Site "Getxo"]
[Date "2019.09.12"]
[Round "6"]
[White "Donazar Garayoa, Miguel"]
[Black "Dura Olmos, Gines Raul"]
[Result "0-1"]
[WhiteElo "1600"]
[BlackElo "1910"]
[PlyCount "23"]
[EventDate "2019.09.08"]
[EventType "swiss"]
[EventRounds "9"]
[EventCountry "ESP"]
[SourceTitle "EXT 2020"]
[Source "ChessBase"]
[SourceDate "2019.10.17"]
[SourceVersion "1"]
[SourceVersionDate "2019.10.17"]
[SourceQuality "1"]

1. e4 g6 2. d4 Bg7 3. Be3 c5 4. c3 d5 5. dxc5 Nf6 6. Be2 Nxe4 7. Nd2 0-0 8. Ngf3 Nf6 9. h3 Nc6 10. 0-0 e5 11. Nb3 h6 12. Qd2 0-1

[Event "Getxo op 4th"]
[Site "Getxo"]
[Date "2019.09.11"]
[Round "5"]
[White "Dura Olmos, Gines Raul"]
[Black "Urbieta Gabancho, Koldo"]
[Result "1/2-1/2"]
[WhiteElo "1910"]
[BlackElo "1827"]
[PlyCount "75"]
[EventDate "2019.09.08"]
[EventType "swiss"]
[EventRounds "9"]
[EventCountry "ESP"]
[SourceTitle "EXT 2020"]
[Source "ChessBase"]
[SourceDate "2019.10.17"]
[SourceVersion "1"]
[SourceVersionDate "2019.10.17"]
[SourceQuality "1"]

1. g3 d5 2. Bg2 e5 3. c4 d4 4. d3 c6 5. Nf3 Bd6 6. 0-0 Nf6 7. c5 Bc7 8. Bg5 h6 9. Bxf6 Qxf6 10. Nbd2 0-0 11. Rc1 Qe6 12. Qb3 a5 13. Nc4 Nd7 14. Qa3 Rd8 15. Nfd2 f5 16. b4 Qe7 17. Qb3 Kh8 18. a3 Nf6 19. Qb2 axb4 20. axb4 Be6 21. Ra1 Nd5 22. Rxa8 Rxa8 23. Ra1 Qd8 24. Rxa8 Qxa8 25. Nf3 Qa4 26. h4 Qxb4 27. Qxb4 Nxb4 28. Ncxe5 Bxe5 29. Nxe5 Na6 30. Nf3 Nxc5 31. Nxd4 Bd7 32. Kf1 g6 33. Ke1 Kg7 34. Kd2 Kf6 35. Kc3 Ke5 36. f4+ Kd6 37. e4 Na4+ 38. Kd2 1/2-1/2

[Event "Getxo Semana Santa U2200 op 1st"]
[Site "Getxo"]
[Date "2019.04.28"]
[Round "7"]
[White "Dura Olmos, Gines Raul"]
[Black "Seoane Rodriguez, Unai"]
[Result "0-1"]
[WhiteElo "1888"]
[BlackElo "1941"]
[PlyCount "131"]
[EventDate "2019.04.22"]
[EventType "swiss"]
[EventRounds "7"]
[EventCountry "ESP"]
[SourceTitle "EXT 2024"]
[Source "ChessBase"]
[SourceDate "2023.10.10"]
[SourceVersion "1"]
[SourceVersionDate "2023.10.10"]
[SourceQuality "1"]

1. g3 Nf6 2. Bg2 g6 3. b4 Bg7 4. Bb2 d6 5. c4 e5 6. Nf3 Nc6 7. b5 Ne7 8. 0-0 0-0 9. d3 h6 10. Nbd2 c5 11. bxc6 Nxc6 12. Rb1 Re8 13. Ne1 d5 14. Nc2 d4 15. Ba3 Qc7 16. Nb4 Nxb4 17. Bxb4 Bf5 18. c5 Be6 19. Qc2 Bd5 20. Nc4 Bf8 21. Rfc1 Bxc5 22. Nxe5 Qxe5 23. Bxc5 Bxg2 24. Kxg2 b6 25. Ba3 Qxe2 26. Rb4 Qe5 27. Qc6 Rad8 28. Rcc4 Kg7 29. Bb2 Qd5+ 30. Qxd5 Nxd5 31. Rxd4 Nxb4 32. Rxd8+ Kf8 33. Bg7+ Ke7 34. Bf6+ Kf8 35. Rd7 Nxa2 36. Rxa7 Nb4 37. d4 Nd5 38. Be5 Rd8 39. Rb7 g5 40. Kf3 f6 41. Rb8 Rxb8 42. Bxb8 f5 43. g4 fxg4+ 44. Kxg4 Kf7 45. Kh5 Kg7 46. Be5+ Kh7 47. h4 gxh4 48. Kxh4 Kg6 49. Kg4 h5+ 50. Kf3 Kf5 51. Ke2 h4 52. Kd3 b5 53. Bh2 Nf6 54. f3 Nd5 55. Kd2 h3 56. Kd3 Nf4+ 57. Kc3 Nd5+ 58. Kd3 b4 59. Kc4 Kg5 60. Kb3 Kf5 61. Kc4 Kg5 62. Kb3 Kh4 63. Be5 Kg5 64. Bh2 Kf5 65. Kc4 Ke6 66. Be5 0-1

[Event "Getxo Semana Santa U2200 op 1st"]
[Site "Getxo"]
[Date "2019.04.25"]
[Round "4"]
[White "Estevez Iglesias, Antonio"]
[Black "Dura Olmos, Gines Raul"]
[Result "0-1"]
[WhiteElo "1598"]
[BlackElo "1888"]
[PlyCount "40"]
[EventDate "2019.04.22"]
[EventType "swiss"]
[EventRounds "7"]
[EventCountry "ESP"]
[SourceTitle "EXT 2024"]
[Source "ChessBase"]
[SourceDate "2023.10.10"]
[SourceVersion "1"]
[SourceVersionDate "2023.10.10"]
[SourceQuality "1"]

1. e4 g6 2. d4 Bg7 3. Nc3 c5 4. Be3 cxd4 5. Bxd4 Bxd4 6. Qxd4 Nf6 7. Nd5 Nc6 8. Nxf6+ exf6 9. Qc3 Qe7 10. 0-0-0 Qe5 11. Qe3 0-0 12. Bc4 Na5 13. Bd5 Rb8 14. Nf3 Qc7 15. h4 d6 16. h5 Be6 17. hxg6 Bxd5 18. Rxh7 Rfc8 19. Nd4 Bxa2 20. Qh6 Nb3+ 0-1

[Event "Getxo Semana Santa U2200 op 1st"]
[Site "Getxo"]
[Date "2019.04.24"]
[Round "3"]
[White "Dura Olmos, Gines Raul"]
[Black "Izaguirre Altuna, Alberto"]
[Result "1-0"]
[WhiteElo "1888"]
[BlackElo "1534"]
[PlyCount "51"]
[EventDate "2019.04.22"]
[EventType "swiss"]
[EventRounds "7"]
[EventCountry "ESP"]
[SourceTitle "EXT 2024"]
[Source "ChessBase"]
[SourceDate "2023.10.10"]
[SourceVersion "1"]
[SourceVersionDate "2023.10.10"]
[SourceQuality "1"]

1. e4 e5 2. Nf3 Nc6 3. Bb5 a6 4. Ba4 Nf6 5. 0-0 b5 6. Bb3 d6 7. Ng5 Bg4 8. Bxf7+ Ke7 9. f3 h6 10. fxg4 hxg5 11. Bd5 Nxd5 12. exd5 Na5 13. d4 Kd7 14. a4 b4 15. c3 b3 16. Na3 Be7 17. Be3 Bf6 18. Qd3 Kc8 19. c4 Qd7 20. h3 Qxa4 21. Nb5 Qxc4 22. Nxd6+ cxd6 23. Rfc1 Qxc1+ 24. Rxc1+ Kd7 25. Qf5+ Kd8 26. Qe6 1-0

[Event "Elgoibar Danobat U2200 op 1st"]
[Site "Elgoibar"]
[Date "2018.11.15"]
[Round "5"]
[White "Dura Olmos, Gines Raul"]
[Black "Manso Marquez, Felix"]
[Result "1-0"]
[WhiteElo "1903"]
[BlackElo "2120"]
[PlyCount "83"]
[EventDate "2018.09.27"]
[EventType "swiss"]
[EventRounds "7"]
[EventCountry "ESP"]
[SourceTitle "EXT 2020"]
[Source "ChessBase"]
[SourceDate "2019.10.17"]
[SourceVersion "1"]
[SourceVersionDate "2019.10.17"]
[SourceQuality "1"]

1. Nf3 d5 2. c4 d4 3. b4 a5 4. b5 c5 5. e3 Bg4 6. h3 Bh5 7. g4 Bg6 8. Bg2 Nd7 9. exd4 cxd4 10. 0-0 e6 11. Re1 Nc5 12. Ne5 Bd6 13. Ba3 Qc7 14. Bxc5 Bxc5 15. b6 Bxb6 16. Qa4+ Ke7 17. Na3 Nf6 18. Nb5 Qc5 19. Bxb7 d3 20. Re3 Be4 21. Rxe4 Nxe4 22. Nxd3 Qg5 23. Bxe4 Rad8 24. Qa3+ Kf6 25. Qc3+ Ke7 26. Rb1 f5 27. Qe5 Qf6 28. Qxf6+ gxf6 29. gxf5 Rhg8+ 30. Kf1 Rg5 31. fxe6 Rdg8 32. Nf4 Rg1+ 33. Ke2 Rxb1 34. Bxb1 Bc5 35. d4 Rg1 36. Bf5 Bb4 37. a3 Re1+ 38. Kf3 Bd2 39. d5 Rc1 40. d6+ Kd8 41. e7+ Ke8 42. Nc7+ 1-0

[Event "Bizkaia-ch"]
[Site "Bilbao"]
[Date "2018.11.10"]
[Round "4"]
[White "Dura Olmos, Gines Raul"]
[Black "Sarralde Marco, Emilio"]
[Result "1-0"]
[WhiteElo "1887"]
[BlackElo "1859"]
[PlyCount "77"]
[EventDate "2018.10.20"]
[EventType "swiss"]
[EventRounds "6"]
[EventCountry "ESP"]
[SourceTitle "CBM 187 Extra"]
[Source "ChessBase"]
[SourceDate "2018.11.04"]
[SourceVersion "1"]
[SourceVersionDate "2018.11.04"]
[SourceQuality "1"]

1. Nf3 Nf6 2. c4 c5 3. b3 Nc6 4. Bb2 e6 5. g3 d5 6. e3 Be7 7. Bg2 0-0 8. 0-0 d4 9. exd4 cxd4 10. Re1 Bc5 11. Ne5 Bd7 12. Nxd7 Qxd7 13. a3 a5 14. d3 Rfb8 15. Nd2 Ra6 16. Rc1 Qe7 17. Ra1 Na7 18. b4 axb4 19. axb4 Bxb4 20. Bxd4 Rxa1 21. Qxa1 Nc6 22. Bc3 Rd8 23. Ne4 Nxe4 24. Bxe4 Bxc3 25. Qxc3 Nd4 26. Qb2 b5 27. cxb5 f5 28. Bg2 Qf6 29. Rb1 f4 30. b6 f3 31. b7 Rb8 32. Bf1 Nc6 33. Qxf6 gxf6 34. Rc1 Ne7 35. Rc7 Kf8 36. d4 Ke8 37. Bb5+ Kd8 38. Rd7+ Ke8 39. g4 1-0

[Event "Bizkaia-ch"]
[Site "Bilbao"]
[Date "2018.11.03"]
[Round "3"]
[White "Dura Olmos, Gines Raul"]
[Black "Mendez Nunez, Jose Antonio"]
[Result "1-0"]
[WhiteElo "1887"]
[BlackElo "1731"]
[PlyCount "57"]
[EventDate "2018.10.20"]
[EventType "swiss"]
[EventRounds "6"]
[EventCountry "ESP"]
[SourceTitle "CBM 187 Extra"]
[Source "ChessBase"]
[SourceDate "2018.11.04"]
[SourceVersion "1"]
[SourceVersionDate "2018.11.04"]
[SourceQuality "1"]

1. Nf3 Nf6 2. c4 c5 3. b3 Nc6 4. Bb2 e6 5. g3 Be7 6. Bg2 0-0 7. 0-0 d5 8. e3 Nb4 9. d4 a5 10. Nc3 Bd7 11. Ne5 Be8 12. f4 Rb8 13. a4 cxd4 14. exd4 dxc4 15. bxc4 Bc6 16. Nxc6 bxc6 17. Rb1 Nd7 18. d5 exd5 19. cxd5 cxd5 20. Nxd5 Bc5+ 21. Kh1 Nxd5 22. Qxd5 Rb6 23. Rfd1 Rd6 24. Qf5 Nf6 25. Rxd6 Qxd6 26. Bxf6 gxf6 27. Be4 Rb8 28. Qxh7+ Kf8 29. Rxb8+ 1-0

[Event "Getxo op 1st"]
[Site "Getxo"]
[Date "2016.09.15"]
[Round "8.6"]
[White "Dura Olmos, Gines Raul"]
[Black "Rodriguez Gonzalez, Alex"]
[Result "1/2-1/2"]
[WhiteElo "1976"]
[BlackElo "1994"]
[PlyCount "112"]
[EventDate "2016.09.10"]
[EventType "swiss"]
[EventCountry "ESP"]
[SourceTitle "EXT 2024"]
[Source "ChessBase"]
[SourceDate "2023.10.10"]
[SourceVersion "1"]
[SourceVersionDate "2023.10.10"]
[SourceQuality "1"]

1. e4 c5 2. Nf3 a6 3. c4 e6 4. Nc3 Qc7 5. g3 b6 6. Bg2 Bb7 7. 0-0 Nf6 8. d3 Nc6 9. Re1 e5 10. Bg5 Nd4 11. Nxd4 cxd4 12. Nd5 Nxd5 13. cxd5 h6 14. Rc1 Qd6 15. Bd2 Be7 16. f4 Bf6 17. a3 a5 18. Qf3 0-0 19. fxe5 Bxe5 20. Bf4 f6 21. Qg4 g5 22. Bh3 Rf7 23. Bd2 Ba6 24. Qe2 Rc8 25. Rxc8+ Bxc8 26. Rc1 Ba6 27. Be1 Rf8 28. Bf5 Qe7 29. Kf1 Kg7 30. Qf3 Rc8 31. Rxc8 Bxc8 32. Ke2 Qf7 33. Bg4 Qf8 34. Qf5 Kh8 35. Qg6 Qg7 36. Qe8+ Qg8 37. Qh5 Kg7 38. Qh3 Qe8 39. Bh5 d6 40. Bxe8 Bxh3 41. b4 Bg4+ 42. Kf2 axb4 43. Bxb4 h5 44. h3 Bxh3 45. Bxh5 Bd7 46. Be1 Kf8 47. Bg6 Bg4 48. Bf5 Bd1 49. Kf1 Ke7 50. Bf2 Kd8 51. Ke1 Ba4 52. Kd2 Kc7 53. Bg4 Kb7 54. Bd1 Bb5 55. Bc2 Ka6 56. Kc1 Bd7 1/2-1/2

[Event "ESP-chT CECLUB Div1 GpA"]
[Site "Linares"]
[Date "2013.08.19"]
[Round "1.1"]
[White "Dziuba, Marcin"]
[Black "Dura Olmos, Gines Raul"]
[Result "1-0"]
[WhiteElo "2589"]
[BlackElo "2042"]
[PlyCount "63"]
[EventDate "2013.08.19"]
[EventType "team-tourn"]
[EventRounds "5"]
[EventCountry "ESP"]
[SourceTitle "CBM 156 Extra"]
[Source "ChessBase"]
[SourceDate "2013.10.22"]
[SourceVersion "1"]
[SourceVersionDate "2013.10.22"]
[SourceQuality "1"]
[WhiteTeam "Artes de Lugo"]
[BlackTeam "Conteneo Bilbao Haitzak"]
[WhiteTeamCountry "ESP"]
[BlackTeamCountry "ESP"]

1. c4 g6 2. d4 Bg7 3. e4 d6 4. Nc3 Nf6 5. h3 0-0 6. Bg5 c5 7. d5 h6 8. Be3 b5 9. cxb5 a6 10. a4 Qa5 11. Bd2 Qc7 12. Bd3 Nbd7 13. Nf3 c4 14. Bc2 Nc5 15. 0-0 Bd7 16. Qe2 axb5 17. axb5 Nb3 18. Bxb3 cxb3 19. Nd4 e6 20. Nc6 exd5 21. exd5 Rfe8 22. Qc4 Bxc6 23. dxc6 d5 24. Qxb3 d4 25. Rxa8 Rxa8 26. Nd5 Nxd5 27. Qxd5 Rd8 28. Qc5 Bf8 29. b6 Bxc5 30. bxc7 Rc8 31. Ba5 Bd6 32. b4 1-0

[Event "Euskadi-chT (Vasca) Div 1st"]
[Site "Bergara"]
[Date "2012.01.14"]
[Round "1"]
[White "Dura Olmos, Gines Raul"]
[Black "Fernandez Lopategi, Jon Andoni"]
[Result "1-0"]
[WhiteElo "2083"]
[BlackElo "2042"]
[PlyCount "47"]
[EventDate "2012.01.14"]
[EventType "team-tourn"]
[EventRounds "9"]
[EventCountry "ESP"]
[SourceTitle "EXT 2024"]
[Source "ChessBase"]
[SourceDate "2023.10.10"]
[SourceVersion "1"]
[SourceVersionDate "2023.10.10"]
[SourceQuality "1"]

1. e4 d5 2. exd5 Qxd5 3. Nc3 Qa5 4. Nf3 c6 5. d4 Bf5 6. Bc4 e6 7. 0-0 Nf6 8. Re1 Bb4 9. Nh4 Bg4 10. Qd3 0-0 11. Re5 Qc7 12. Bf4 Bd6 13. Qg3 Nbd7 14. Rae1 Bh5 15. Ne4 Bg6 16. Nxg6 hxg6 17. Nxd6 Qxd6 18. c3 Nxe5 19. dxe5 Qc5 20. exf6 Qxc4 21. fxg7 Kxg7 22. Qh4 Qd3 23. Bh6+ Kg8 24. Qf6 1-0

[Event "Benidorm Bali op-A"]
[Site "Benidorm"]
[Date "2003.11.24"]
[Round "5"]
[White "Dura Olmos, Gines Raul"]
[Black "Sanchez Criado, Lluis"]
[Result "1/2-1/2"]
[WhiteElo "2056"]
[BlackElo "2180"]
[PlyCount "36"]
[EventDate "2003.11.21"]
[EventType "swiss"]
[EventRounds "9"]
[EventCountry "ESP"]
[SourceTitle "CBM 097 Extra"]
[Source "ChessBase"]
[SourceDate "2004.01.13"]
[SourceVersion "1"]
[SourceVersionDate "2004.01.13"]
[SourceQuality "1"]

1. e4 c6 2. d4 d5 3. Nc3 dxe4 4. Nxe4 Bf5 5. Ng3 Bg6 6. h4 h6 7. Nf3 Nd7 8. h5 Bh7 9. Bd3 Bxd3 10. Qxd3 e6 11. Bf4 Qa5+ 12. Bd2 Qc7 13. 0-0-0 0-0-0 14. Ne4 Ngf6 15. g3 Nxe4 16. Qxe4 Nf6 17. Qe2 Bd6 18. Rh4 Rhe8 1/2-1/2